| 000 | 00388 a2200097 4500 | ||
|---|---|---|---|
| 245 | 0 | 0 |
_aDiody - Pomiar czasu ustalania się prądu wstecznego t rr i prądu wstecznego I rr po przełączeniu impulsowym PN-87/T-01504.59 / _cMin. Przem. Maszynowego. |
| 246 | 1 | 3 | _aPN-87/T-01504.59 |
| 246 | 1 | 3 | _a621.385.2 |
| 260 |
_aWarszawa : _bMin. Przem. Maszynowego, _c1987. |
||
| 300 |
_a3 stron ; _c30 cm. |
||
| 650 | _aPolska norma | ||
| 999 |
_c21072 _d21072 |
||